Statystyki dla Mapa topologiczna Europy - quiz na mapie

Kliknij tutaj aby rozwiązać quiz!

Ogólne statystyki

  • Ten quiz został rozwiązany 263 razy
  • Średni wynik to 17 z 41

Odpowiedzi na mapie

Odpowiedzi skodowane kolorowo w zielono-czerwonej skali na mapie do tego quizu, zgodnie z poniższymi procentami.
 

Statystyki odpowiedzi

Odpowiedź% Poprawnych
Rosja
67%
Polska
51%
Francja
48%
Ukraina
48%
Watykan
48%
Dania
46%
Niemcy
46%
Portugalia
46%
Austria
45%
Estonia
45%
Hiszpania
45%
Włochy
45%
Andora
43%
Holandia
43%
Łotwa
43%
Belgia
42%
Bułgaria
42%
Czechy
42%
Monako
42%
San Marino
42%
Liechtenstein
41%
Litwa
41%
Słowacja
41%
Szwajcaria
41%
Białoruś
40%
Mołdawia
40%
Rumunia
40%
Węgry
40%
Luksemburg
39%
Chorwacja
38%
Grecja
38%
Bośnia i
Hercegowina
37%
Szwecja
37%
Serbia
35%
Słowenia
34%
Albania
32%
Czarnogóra
32%
Macedonia
Północna
32%
Norwegia
32%
Kosowo
31%
Finlandia
30%

Rozkład punktacji

Percentyl według liczby udzielonych odpowiedzi

Procent ludzi z każdym wynikiem

Twoja historia wyników

Nie rozwiązałeś tego quizu